000 00546nam a22002057a 4500
003 KOHA_MİRAKIL
005 20240930101037.0
008 240929b2023 tu ||||| |||| 00| 0 tur d
020 _a9786259927183
040 _aTR-AnABB
_btur
_cTR-AnABB
041 _atur
082 _a813.42
_bOZT 2023
100 _aÖztaşkın, Güler.
245 0 _aCinnet Kafesi /
_cGüler Öztaşkın.
250 _a2. bs.
260 _aAnkara :
_bFa Yayınları,
_c2023.
300 _a192 sayfa ;
_c20 cm.
650 _aTürk edebiyatı, roman
942 _2ddc
_cBK
999 _c3193
_d3193